|
|
|
|
| LEADER |
00000cam a22000004a 4500 |
| 001 |
musev2_52871 |
| 003 |
MdBmJHUP |
| 005 |
20230905045634.0 |
| 006 |
m o d |
| 007 |
cr||||||||nn|n |
| 008 |
850416r19851972nvu o 00 0 eng d |
| 020 |
|
|
|a 9780874174564
|
| 020 |
|
|
|z 9780874170979
|
| 035 |
|
|
|a (OCoLC)1017611681
|
| 040 |
|
|
|a MdBmJHUP
|c MdBmJHUP
|
| 100 |
1 |
|
|a Egan, Ferol.
|
| 245 |
1 |
0 |
|a Sand In A Whirlwind, 30Th Anniversary Edition :
|b The Paiute Indian War Of 1860 /
|c Ferol Egan ; new foreword by Sessions S. Wheeler.
|
| 264 |
|
1 |
|a Reno :
|b University of Nevada Press,
|c 1985.
|
| 264 |
|
3 |
|a Baltimore, Md. :
|b Project MUSE,
|c 2018
|
| 264 |
|
4 |
|c ©1985.
|
| 300 |
|
|
|a 1 online resource (354 pages):
|b illustrations
|
| 336 |
|
|
|a text
|b txt
|2 rdacontent
|
| 337 |
|
|
|a computer
|b c
|2 rdamedia
|
| 338 |
|
|
|a online resource
|b cr
|2 rdacarrier
|
| 500 |
|
|
|a Reprint. Originally published: Garden City, N.Y. : Doubleday, 1972.
|
| 588 |
|
|
|a Description based on print version record.
|
| 650 |
|
7 |
|a HISTORY / United States / State & Local / General
|2 bisacsh
|
| 650 |
|
7 |
|a Paiute Indians.
|2 fast
|0 (OCoLC)fst01051177
|
| 650 |
|
0 |
|a Paiute Indians
|x Wars, 1860.
|
| 655 |
|
7 |
|a Electronic books.
|2 local
|
| 710 |
2 |
|
|a Project Muse.
|e distributor
|
| 830 |
|
0 |
|a Book collections on Project MUSE.
|
| 856 |
4 |
0 |
|z Texto completo
|u https://projectmuse.uam.elogim.com/book/52871/
|
| 945 |
|
|
|a Project MUSE - Custom Collection
|
| 945 |
|
|
|a Project MUSE - Archive Complete Supplement VI
|
| 945 |
|
|
|a Project MUSE - Archive History Supplement VI
|
| 945 |
|
|
|a Project MUSE - Archive Native American and Indigenous Studies Supplement V
|